01059cam a22003854i 4500003000900000005001700009008004100026035001800067035001800085040003300103082001900136100002800155245006600183264007300249300002800322336002100350337002500371338002300396505008800419526001000507526001000517526000900527526000900536526000900545526000900554526000900563526000900572526000900581526000800590526000800598526000800606526000800614526000800622650004300630PE-LiUPU20250731165620.0150616s r 000 0 d a(Sirsi) a6072 a(Sirsi) a6072 aPE-LiUPUbspacPE-LiUPUerda04a281.4bS312211 aSchaff, Philip,eautor.10aNicene and Post-Nicene Fathers of The Christian Church.n8:2. 1aGrand Rapids, Michigan :bWM. B. Eerdmans Publishing Company,c1978. a363 páginas ;c25 cm. atext2rdacontent aunmediated2rdamedia avolume2rdacarrier0 aGenealogical tables.- Chronological table.- Biograpjical Sketch.- Notice of extant. aSEG44 aSEG26 aP151 aP150 aP149 aP146 aP145 aP126 aP125 aP92 aP75 aP74 aP27 aP1504aBASILIO EL GRANDE, 329-379 -- CARTAS.